[Event "Zwettl op"]
[Site "Zwettl"]
[Date "2012.07.29"]
[Round "9"]
[White "Goigitzer, Kurt"]
[Black "Bauer, Thomas"]
[Result "0-1"]
[WhiteElo "1647"]
[BlackElo "1671"]
[PlyCount "98"]
[EventDate "2012.07.21"]
[EventType "swiss"]
[EventRounds "9"]
[EventCountry "AUT"]
[SourceTitle "CBM 149 Extra"]
[Source "ChessBase"]
[SourceDate "2012.08.24"]
[SourceVersion "1"]
[SourceVersionDate "2012.08.24"]
[SourceQuality "1"]

1. e4 c5 2. c4 Nc6 3. Nc3 g6 4. Nf3 Bg7 5. Be2 d6 6. d3 f5 7. 0-0 Nf6 8. Bg5 0-0 9. Qd2 Re8 10. h3 Qc7 11. Rab1 a6 12. Rfd1 Nd8 13. Nd5 Nxd5 14. cxd5 e5 15. dxe6 Bxe6 16. Bf4 Bxa2 17. Rbc1 Ne6 18. Bg3 Bb3 19. Re1 Rf8 20. exf5 Rxf5 21. d4 c4 22. d5 Nf8 23. Nd4 Rxd5 24. Ne6 Rxd2 25. Nxc7 Rc8 26. Bxc4+ Bxc4 27. Rxc4 Bxb2 28. Re7 Bf6 29. Re8 Rxe8 30. Nxe8 Be5 31. Rc7 Rd1+ 32. Kh2 Bxg3+ 33. Kxg3 Rd3+ 34. f3 Ne6 35. Nf6+ Kf8 36. Nxh7+ Ke8 37. Rxb7 Nc5 38. Ra7 Kd8 39. Kf4 Kc8 40. Nf8 Kb8 41. Re7 a5 42. Nxg6 Rd5 43. Nf8 a4 44. Nd7+ Nxd7 45. Rxd7 a3 46. Rd8+ Kb7 47. Rd7+ Kb6 48. Rd8 a2 49. Ra8 Ra5 0-1